[Event "Espalion op 1st"]
[Site "Espalion"]
[Date "2016.07.11"]
[Round "4"]
[White "Moulie, Patrick"]
[Black "Jonker, Jan"]
[Result "1-0"]
[WhiteElo "1611"]
[BlackElo "1380"]
[PlyCount "115"]
[EventDate "2016.07.09"]
[EventType "swiss"]
[EventRounds "9"]
[EventCountry "FRA"]
[SourceTitle "CBM 173 Extra"]
[Source "ChessBase"]
[SourceDate "2016.08.29"]
[SourceVersion "1"]
[SourceVersionDate "2016.08.29"]
[SourceQuality "1"]

1. e4 e6 2. f4 d5 3. e5 c5 4. Bb5+ Bd7 5. Qe2 a6 6. Bxd7+ Nxd7 7. Nf3 Nh6 8. d3 Nf5 9. c3 Be7 10. 0-0 0-0 11. Nbd2 Qb6 12. g4 c4+ 13. d4 Nh4 14. Nxh4 Bxh4 15. g5 f6 16. gxf6 Nxf6 17. exf6 Rxf6 18. Nf3 Rg6+ 19. Kh1 Bf6 20. Ne5 Bxe5 21. fxe5 Rf8 22. Rxf8+ Kxf8 23. Qf2+ Kg8 24. Be3 Qd8 25. Rf1 Qe8 26. h4 Rg4 27. Rg1 Qh5 28. Rxg4 Qxg4 29. Kh2 Qf5 30. Qg2 Qb1 31. Bh6 g6 32. Qf2 Qf5 33. Qg2 Kf7 34. Bg5 Ke8 35. Bf6 Kd7 36. a3 b5 37. Qd2 Qh5 38. Kg3 Kc6 39. Bd8 Kd7 40. Qg5 Qxg5+ 41. Bxg5 Kc6 42. Kg4 a5 43. Be7 Kd7 44. Bd6 Ke8 45. Kg5 Kf7 46. Bc5 Kg7 47. Kg4 h6 48. Bb6 a4 49. Bc5 Kf7 50. h5 Kg7 51. hxg6 Kxg6 52. Be7 h5+ 53. Kh4 Kf5 54. Kxh5 Ke4 55. Kg6 Kd3 56. Kf6 Kc2 57. Kxe6 Kxb2 58. Bb4 1-0

[Event "Espalion op 1st"]
[Site "Espalion"]
[Date "2016.07.09"]
[Round "1"]
[White "Moulie, Patrick"]
[Black "Moingt, Anne"]
[Result "0-1"]
[WhiteElo "1611"]
[BlackElo "2073"]
[PlyCount "42"]
[EventDate "2016.07.09"]
[EventType "swiss"]
[EventRounds "9"]
[EventCountry "FRA"]
[SourceTitle "CBM 173 Extra"]
[Source "ChessBase"]
[SourceDate "2016.08.29"]
[SourceVersion "1"]
[SourceVersionDate "2016.08.29"]
[SourceQuality "1"]

1. e4 c5 2. Nc3 Nc6 3. f4 g6 4. Nf3 Bg7 5. d3 e6 6. Bd2 Nge7 7. g3 d6 8. Bg2 0-0 9. 0-0 Rb8 10. Qe1 b5 11. Nd1 b4 12. c3 bxc3 13. Bxc3 Nd4 14. Rc1 Ba6 15. Qe3 Nec6 16. Nf2 Qb6 17. h3 Nxf3+ 18. Bxf3 Nd4 19. Bg2 c4 20. dxc4 Bxc4 21. Rfd1 Ne2+ 0-1

[Event "St Chely d'Aubrac op 10th"]
[Site "St Chely d'Aubrac"]
[Date "2010.07.17"]
[Round "9"]
[White "Tassetti, Florent"]
[Black "Moulie, Patrick"]
[Result "1-0"]
[WhiteElo "1676"]
[BlackElo "1639"]
[PlyCount "81"]
[EventDate "2010.07.10"]
[EventType "swiss"]
[EventRounds "9"]
[EventCountry "FRA"]
[SourceTitle "CBM 137 Extra"]
[Source "ChessBase"]
[SourceDate "2010.09.01"]
[SourceVersion "1"]
[SourceVersionDate "2010.09.01"]
[SourceQuality "1"]

1. Nf3 Nf6 2. g3 g6 3. Bg2 Bg7 4. 0-0 0-0 5. c4 d6 6. Nc3 Nbd7 7. d4 c6 8. e4 Nb6 9. Qe2 h6 10. Rd1 Bd7 11. Ne1 Kh7 12. f4 Bg4 13. Bf3 Qd7 14. b3 Bxf3 15. Nxf3 Rad8 16. Ba3 Nc8 17. e5 Ng8 18. Rac1 a6 19. Ne4 Rfe8 20. d5 cxd5 21. Rxd5 Qc6 22. Rcd1 Nb6 23. R5d2 f5 24. Nc3 Nc8 25. Qf2 b5 26. Nd4 Qb6 27. Nd5 Qb7 28. Ne6 Rd7 29. Bb2 Bh8 30. Qe2 bxc4 31. bxc4 Nb6 32. exd6 Bxb2 33. Rxb2 Rxd6 34. Rdb1 Rb8 35. Rxb6 Qa7 36. Qf2 Rbxb6 37. Rxb6 Rxb6 38. Qxb6 Qa8 39. Qd4 Nf6 40. Nxf6+ exf6 41. Qd7+ 1-0

[Event "St Chely d'Aubrac op 10th"]
[Site "St Chely d'Aubrac"]
[Date "2010.07.14"]
[Round "6"]
[White "Moulie, Patrick"]
[Black "Hug, Timothee"]
[Result "0-1"]
[WhiteElo "1639"]
[BlackElo "1691"]
[PlyCount "112"]
[EventDate "2010.07.10"]
[EventType "swiss"]
[EventRounds "9"]
[EventCountry "FRA"]
[SourceTitle "CBM 137 Extra"]
[Source "ChessBase"]
[SourceDate "2010.09.01"]
[SourceVersion "1"]
[SourceVersionDate "2010.09.01"]
[SourceQuality "1"]

1. e4 c5 2. Nc3 g6 3. f4 d6 4. Bb5+ Bd7 5. Qe2 Bg7 6. Nf3 a6 7. Bxd7+ Nxd7 8. d3 e6 9. Bd2 Ne7 10. 0-0 0-0 11. Rab1 Re8 12. g4 d5 13. e5 Qc7 14. Nd1 Nc6 15. c3 f6 16. exf6 Nxf6 17. h3 e5 18. Qh2 e4 19. dxe4 Nxe4 20. Be1 Rad8 21. Nf2 Nxf2 22. Bxf2 Re2 23. Rfe1 Rde8 24. Qg3 d4 25. cxd4 Nxd4 26. Nxd4 Bxd4 27. Bxd4 cxd4 28. Rxe2 Rxe2 29. Qd3 Rxb2 30. Rf1 Qc2 31. Qxc2 Rxc2 32. Rd1 Rxa2 33. Rxd4 Re2 34. Rd8+ Kf7 35. h4 b5 36. Ra8 Re4 37. Rxa6 Rxf4 38. Kh2 Rxg4 39. Kh3 Rc4 40. Rb6 b4 41. Kg3 Kg7 42. Rb7+ Kh6 43. h5 Kxh5 44. Rxh7+ Kg5 45. Rb7 Rc3+ 46. Kf2 b3 47. Ke2 Rh3 48. Kd1 Rh1+ 49. Kd2 Rh2+ 50. Kc1 b2+ 51. Kb1 Rf2 52. Rb5+ Kh4 53. Rb8 g5 54. Rh8+ Kg3 55. Rb8 g4 56. Rb3+ Kg2 0-1

[Event "Pau op"]
[Site "Pau"]
[Date "2009.02.25"]
[Round "3"]
[White "Moulie, Patrick"]
[Black "Birebent, Guy"]
[Result "1-0"]
[WhiteElo "1591"]
[BlackElo "1763"]
[PlyCount "73"]
[EventDate "2009.02.24"]
[EventType "swiss"]
[EventRounds "9"]
[EventCountry "FRA"]
[SourceTitle "CBM 129 Extra"]
[Source "ChessBase"]
[SourceDate "2009.05.05"]
[SourceVersion "2"]
[SourceVersionDate "2009.05.20"]
[SourceQuality "1"]

1. e4 c5 2. Nc3 Nc6 3. f4 e6 4. Bc4 Na5 5. Be2 b6 6. Nf3 Bb7 7. 0-0 Nf6 8. d3 Rc8 9. Bd2 c4 10. h3 cxd3 11. cxd3 Nc6 12. Be3 d6 13. a3 g6 14. g4 Bg7 15. Qe1 h6 16. Rd1 Nd7 17. Nb5 Nc5 18. b4 Na4 19. Qf2 a6 20. Nbd4 Nxd4 21. Bxd4 0-0 22. Bxg7 Kxg7 23. f5 e5 24. Rd2 b5 25. Qg3 g5 26. h4 f6 27. hxg5 hxg5 28. Bd1 Nb6 29. Bb3 Rc3 30. Be6 Qc7 31. Rh2 Rh8 32. Rxh8 Kxh8 33. Nxg5 fxg5 34. f6 Bxe4 35. f7 Qxf7 36. Rxf7 Rxd3 37. Qh2+ 1-0

[Event "Pau op"]
[Site "Pau"]
[Date "2009.02.24"]
[Round "1"]
[White "Moulie, Patrick"]
[Black "Favarel, Antoine"]
[Result "0-1"]
[WhiteElo "1591"]
[BlackElo "2162"]
[PlyCount "24"]
[EventDate "2009.02.24"]
[EventType "swiss"]
[EventRounds "9"]
[EventCountry "FRA"]
[SourceTitle "CBM 129 Extra"]
[Source "ChessBase"]
[SourceDate "2009.05.05"]
[SourceVersion "2"]
[SourceVersionDate "2009.05.20"]
[SourceQuality "1"]

1. c4 e5 2. Nc3 Nf6 3. g3 Bb4 4. Qc2 0-0 5. Bg2 Nc6 6. e3 Bxc3 7. Qxc3 d5 8. cxd5 Nxd5 9. Qb3 Ndb4 10. d4 exd4 11. Ne2 d3 12. Nc3 Nc2+ 0-1

[Event "St Chely d'Aubrac op 8th"]
[Site "St Chely d'Aubrac"]
[Date "2008.07.14"]
[Round "3"]
[White "Moulie, Patrick"]
[Black "Messinger, Karl"]
[Result "0-1"]
[WhiteElo "1930"]
[BlackElo "1703"]
[PlyCount "76"]
[EventDate "2008.07.13"]
[EventType "swiss"]
[EventRounds "9"]
[EventCountry "FRA"]
[SourceTitle "CBM 125 Extra"]
[Source "ChessBase"]
[SourceDate "2008.09.01"]
[SourceVersion "1"]
[SourceVersionDate "2008.09.01"]
[SourceQuality "1"]

1. e4 c5 2. Nc3 Nc6 3. f4 e6 4. Nf3 a6 5. a4 Nf6 6. d3 d5 7. e5 Nd7 8. g3 Be7 9. Bg2 0-0 10. 0-0 b6 11. Bd2 Bb7 12. Ne2 f6 13. exf6 Bxf6 14. c3 Qe7 15. Qc2 b5 16. axb5 axb5 17. Rae1 Qd6 18. Ng5 Bxg5 19. fxg5 Rxf1+ 20. Rxf1 Rf8 21. Nf4 d4 22. Re1 e5 23. Qb3+ Kh8 24. Ne6 Re8 25. Bd5 Nd8 26. Bxb7 Nxb7 27. Nf4 Qc6 28. Qd5 Qxd5 29. Nxd5 Nd6 30. cxd4 exd4 31. Nc7 Rxe1+ 32. Bxe1 Ne5 33. h4 Nxd3 34. Bd2 Nc4 35. Bf4 Nxf4 36. gxf4 Nxb2 37. Ne6 d3 38. Kf2 d2 0-1

[Event "Mont de Marsan op"]
[Site "Mont de Marsan"]
[Date "2005.12.28"]
[Round "6"]
[White "Forgues, Valerie"]
[Black "Moulie, Patrick"]
[Result "1-0"]
[WhiteElo "1813"]
[BlackElo "1871"]
[PlyCount "116"]
[EventDate "2005.12.26"]
[EventType "swiss"]
[EventRounds "7"]
[EventCountry "FRA"]
[SourceTitle "CBM 110 Extra"]
[Source "ChessBase"]
[SourceDate "2006.03.10"]
[SourceVersion "2"]
[SourceVersionDate "2006.03.10"]
[SourceQuality "1"]

1. e4 a6 2. d4 e6 3. Nf3 b5 4. Bd3 c5 5. 0-0 cxd4 6. Nxd4 Bb7 7. Bd2 Nf6 8. Re1 Bc5 9. Nb3 Bb6 10. Bg5 h6 11. Bh4 g5 12. Bg3 Nc6 13. Bd6 h5 14. Qd2 Rg8 15. Nc5 Bxc5 16. Bxc5 d6 17. Be3 Ng4 18. Nc3 Nxe3 19. Rxe3 Ne5 20. f3 Qb6 21. Kh1 g4 22. f4 Nc4 23. Bxc4 bxc4 24. Rb1 Rd8 25. b3 Qc6 26. f5 h4 27. Nd5 Kf8 28. fxe6 fxe6 29. Rf1+ Kg7 30. Ne7 Qd7 31. Nxg8 Rxg8 32. Qf2 Qe7 33. Qf4 Kh7 34. Qf7+ Qxf7 35. Rxf7+ Rg7 36. Rf4 e5 37. Rf6 cxb3 38. axb3 Rd7 39. Kg1 Kg7 40. Rf5 Kg6 41. Rf8 Rc7 42. c3 a5 43. Rd8 Rc6 44. Rd3 Rb6 45. R3xd6+ Rxd6 46. Rxd6+ Kg5 47. Re6 Kf4 48. g3+ hxg3 49. hxg3+ Kxe4 50. Kf2 Bd5 51. Rb6 Kd3 52. Rb5 Bf3 53. c4 e4 54. Rxa5 e3+ 55. Ke1 Kc3 56. Rb5 Be4 57. Rb6 Bd3 58. Rb8 Be4 1-0

[Event "Mont de Marsan op"]
[Site "Mont de Marsan"]
[Date "2005.12.27"]
[Round "3"]
[White "Moulie, Patrick"]
[Black "Tabaroni, Serge"]
[Result "1-0"]
[WhiteElo "1871"]
[BlackElo "1510"]
[PlyCount "103"]
[EventDate "2005.12.26"]
[EventType "swiss"]
[EventRounds "7"]
[EventCountry "FRA"]
[SourceTitle "CBM 110 Extra"]
[Source "ChessBase"]
[SourceDate "2006.03.10"]
[SourceVersion "2"]
[SourceVersionDate "2006.03.10"]
[SourceQuality "1"]

1. c4 Nf6 2. d4 g6 3. Nc3 Bg7 4. Nf3 0-0 5. Bd2 d6 6. g3 Nbd7 7. Bg2 c5 8. e3 Rb8 9. Rb1 cxd4 10. exd4 Nb6 11. b3 Bf5 12. Rc1 Qd7 13. h3 Qc8 14. g4 Bd7 15. Be3 Re8 16. 0-0 h5 17. g5 Nh7 18. h4 Bg4 19. Qd2 Bxf3 20. Bxf3 Qh3 21. Bg2 Qxh4 22. f4 Qg4 23. Rf3 f6 24. Rcf1 Rf8 25. Ne2 fxg5 26. Rg3 Qe6 27. fxg5 Rxf1+ 28. Bxf1 Nd7 29. Bh3 Qe4 30. Bxd7 Qb1+ 31. Nc1 Rf8 32. Be6+ Kh8 33. Bd5 Qf5 34. Bg2 b6 35. Rf3 Qg4 36. Rxf8+ Nxf8 37. Qe2 Bxd4 38. Qd3 Be5 39. Ne2 Qh4 40. Kf1 Qg4 41. Qe4 Qe6 42. Nd4 Qf7+ 43. Ke2 Nd7 44. Qd5 Qg7 45. Ne6 Qf7 46. Be4 Nc5 47. Nxc5 Qxd5 48. cxd5 dxc5 49. Bxg6 h4 50. Bf5 Kg7 51. Kf3 Bg3 52. Bf2 1-0